ARRUPE JESUIT UNIVERSITY

CORONAVIRUS -STOP THE SPREAD - CLEAN,DISINFECT,COVER

Agnosticism : (Record no. 118934)

MARC details
000 -LEADER
fixed length control field 01036cam a2200325 a 4500
001 - CONTROL NUMBER
control field 8231991
003 - CONTROL NUMBER IDENTIFIER
control field ARRUPE
005 - DATE AND TIME OF LATEST TRANSACTION
control field 20131202183614.0
008 - FIXED-LENGTH DATA ELEMENTS--GENERAL INFORMATION
fixed length control field 100525s2010 enka b 001 0 eng
020 ## - INTERNATIONAL STANDARD BOOK NUMBER
International Standard Book Number 9780199575268 (pbk.)
020 ## - INTERNATIONAL STANDARD BOOK NUMBER
International Standard Book Number 0199575266 (pbk.)
024 ## - OTHER STANDARD IDENTIFIER
Standard number or code 40018610407
035 ## - SYSTEM CONTROL NUMBER
System control number (OCoLC)ocn642283148
035 ## - SYSTEM CONTROL NUMBER
System control number (OCoLC)642283148
035 ## - SYSTEM CONTROL NUMBER
System control number (NNC)8231991
040 ## - CATALOGING SOURCE
Original cataloging agency UKM
Transcribing agency UKM
Modifying agency YDXCP
-- BWK
-- ITJCU
-- C#P
050 #4 - LIBRARY OF CONGRESS CALL NUMBER
Classification number BL2747
Item number .L476 2010
082 04 - DEWEY DECIMAL CLASSIFICATION NUMBER
Classification number 149.72
Edition number 22
300 ## - PHYSICAL DESCRIPTION
Other physical details ill. ;
Dimensions 18 cm.
100 1# - MAIN ENTRY--PERSONAL NAME
Personal name Le Poidevin, Robin,
Dates associated with a name 1962-
9 (RLIN) 4692
245 10 - TITLE STATEMENT
Title Agnosticism :
Remainder of title a very short introduction /
Statement of responsibility, etc Robin Le Poidevin.
260 ## - PUBLICATION, DISTRIBUTION, ETC. (IMPRINT)
Place of publication, distribution, etc Oxford ;
-- New York :
Name of publisher, distributor, etc Oxford University Press,
Date of publication, distribution, etc 2010.
300 ## - PHYSICAL DESCRIPTION
Extent xiv, 134 p. :
490 1# - SERIES STATEMENT
Series statement Very short introductions ;
Volume number/sequential designation 250
504 ## - BIBLIOGRAPHY, ETC. NOTE
Bibliography, etc Includes bibliographical references (p. 119-129) and index.
650 #0 - SUBJECT ADDED ENTRY--TOPICAL TERM
Topical term or geographic name as entry element Agnosticism.
9 (RLIN) 4693
830 #0 - SERIES ADDED ENTRY--UNIFORM TITLE
Uniform title Very short introductions ;
Volume number/sequential designation 250.
9 (RLIN) 4694
942 ## - ADDED ENTRY ELEMENTS (KOHA)
Source of classification or shelving scheme Library of Congress Classification
Koha item type Monograph ( Printed materials)
948 1# - LOCAL PROCESSING INFORMATION (OCLC); SERIES PART DESIGNATOR (RLIN)
Series part designator, SPT (RLIN) 20110119
b (OCLC) c
c (OCLC) sds12
d (OCLC) MPS
Holdings
Withdrawn status Lost status Source of classification or shelving scheme Damaged status Not for loan Home library Current library Shelving location Date acquired Total Checkouts Full call number Barcode Date last seen Price effective from Koha item type
    Library of Congress Classification     ARRUPE LIBRARY ARRUPE LIBRARY Main Collection 02/12/2013   BL2747 .L476 2010 464123655 01/08/2016 02/12/2013 Monograph ( Printed materials)

 

Arrupe Library. PO Box MP320 Mt Pleasant, Harare, Zimbabwe
263 242 745411|librarian@aju.ac.zw